[Event "DVM U20 2018"]
[Site "Osnabrück GER"]
[Date "2018.12.29"]
[Round "5"]
[White "Kania, Markus"]
[Black "Rössel, Louis"]
[Result "1-0"]
[Termination "normal"]
[Board "7.2"]
[WhiteElo "1830"]
[BlackElo "1977"]
[WhiteTeam "MTV 1876 Saalfeld"]
[BlackTeam "FVS ASP Hoyerswerda"]
[PlyCount "103"]
[WhiteFideId "12903736"]
[BlackFideId "12966398"]
[EventCountry "GER"]
[EventRounds "7"]
[EventType "team-swiss"]
[EventDate "2018.12.26"]

1. Nf3 Nf6 2. d4 e6 3. c4 b6 4. g3 Ba6 5. Qc2 c5 6. Bg2 Nc6 7. dxc5 bxc5 8. O-O
Be7 9. b3 O-O 10. Nc3 Rc8 11. Rd1 Nb4 12. Qb2 Bb7 13. Bf4 d5 14. a3 Na6 15. Ne5
Nc7 16. b4 Ba8 17. b5 Bd6 18. Nd3 Bxf4 19. Nxf4 d4 20. Na4 Nd7 21. Qc2 Bxg2 22.
Nxg2 Qe7 23. Nb2 e5 24. a4 Ne6 25. Rd3 f5 26. a5 Rb8 27. Rb3 Rb7 28. Nd3 g5 29.
h4 e4 30. Nde1 h6 31. g4 Qh7 32. f3 Nf6 33. gxf5 Qxf5 34. fxe4 Nxe4 35. Rf3 Qg4
36. Rxf8+ Kxf8 37. Nd3 Kg8 38. Rf1 Ng3 39. Rf3 Rg7 40. Nf2 d3 41. Qxd3 Qd4 42.
Rxg3 Qa1+ 43. Kh2 Nd4 44. Ng4 Qf1 45. Re3 gxh4 46. Re8+ Kf7 47. Qe4 Rxg4 48.
Qe7+ Kg6 49. Rg8+ Kh5 50. Rxg4 Nf5 51. Qf7+ Kxg4 52. Qg6# 1-0

[Event "DVM U20 2018"]
[Site "Osnabrück GER"]
[Date "2018.12.29"]
[Round "5"]
[White "Hassemeier, Mika"]
[Black "Ratay, Meike"]
[Result "1/2-1/2"]
[Termination "normal"]
[Board "7.3"]
[WhiteElo "1833"]
[BlackElo "2037"]
[WhiteTeam "FVS ASP Hoyerswerda"]
[BlackTeam "MTV 1876 Saalfeld"]
[PlyCount "47"]
[WhiteFideId "12994880"]
[BlackFideId "12977608"]
[EventCountry "GER"]
[EventRounds "7"]
[EventType "team-swiss"]
[EventDate "2018.12.26"]

1. e4 c5 2. Nc3 a6 3. a4 e6 4. f4 d5 5. g3 Nc6 6. Bg2 Nge7 7. d3 g6 8. Nf3 Bg7
9. O-O O-O 10. Bd2 b6 11. Qc1 Bb7 12. Nd1 Rc8 13. Nf2 Nd4 14. Nxd4 cxd4 15. e5
h5 16. Bb4 Re8 17. Bxe7 Rxe7 18. Nh3 Rec7 19. Rf2 f6 20. exf6 Qxf6 21. Ng5 Bh6
22. Bh3 Re8 23. Nf3 Qg7 24. Qe1 1/2-1/2

[Event "DVM U20 2018"]
[Site "Osnabrück GER"]
[Date "2018.12.29"]
[Round "5"]
[White "Grund, Melanie"]
[Black "Klinkhart, Thorbjörn"]
[Result "0-1"]
[Termination "normal"]
[Board "7.4"]
[WhiteElo "1748"]
[BlackElo "1912"]
[WhiteTeam "MTV 1876 Saalfeld"]
[BlackTeam "FVS ASP Hoyerswerda"]
[PlyCount "118"]
[WhiteFideId "12988804"]
[BlackFideId "12966428"]
[EventCountry "GER"]
[EventRounds "7"]
[EventType "team-swiss"]
[EventDate "2018.12.26"]

1. d4 Nf6 2. c4 e5 3. dxe5 Ng4 4. Bf4 g5 5. Bg3 Bg7 6. Nf3 Nc6 7. e3 d6 8. Nc3
Ngxe5 9. Nxe5 Nxe5 10. h4 g4 11. h5 Be6 12. h6 Bf6 13. Nd5 Nc6 14. Nxf6+ Qxf6
15. Qc2 O-O-O 16. a3 Rde8 17. O-O-O Ne5 18. Bd3 Nxd3+ 19. Qxd3 Bf5 20. Qd4 Qe6
21. c5 Qb3 22. Qc3 Qxc3+ 23. bxc3 dxc5 24. Rh5 Be4 25. Rxc5 c6 26. Rd4 Rhg8 27.
Re5 Rxe5 28. Bxe5 Bxg2 29. Bg7 f5 30. Kb2 Bd5 31. c4 Be4 32. a4 Re8 33. Kc3 Kc7
34. Bf6 c5 35. Rd2 Re6 36. Bg5 Ra6 37. Bf4+ Kc8 38. Ra2 Kd7 39. Rd2+ Ke7 40.
Ra2 Bc6 41. a5 b6 42. Bg5+ Ke8 43. Rd2 f4 44. Rd8+ Kf7 45. axb6 Rxb6 46. Bxf4
a5 47. Rd1 a4 48. Bd6 Rb3+ 49. Kd2 Rb2+ 50. Ke1 a3 51. Bxc5 a2 52. Bd4 Rb1 53.
Kd2 Be4 54. c5 Ke6 55. Rc1 Kd7 56. Bg7 Bc6 57. Bd4 Ke6 58. Kc2 Kf5 59. Rxb1
Be4+ 0-1

[Event "DVM U20 2018"]
[Site "Osnabrück GER"]
[Date "2018.12.29"]
[Round "5"]
[White "Laskow, Vincent"]
[Black "Lorenz, Anouk"]
[Result "1-0"]
[Termination "normal"]
[Board "7.5"]
[WhiteElo "1840"]
[BlackElo "1413"]
[WhiteTeam "FVS ASP Hoyerswerda"]
[BlackTeam "MTV 1876 Saalfeld"]
[PlyCount "121"]
[WhiteFideId "12947652"]
[BlackFideId "12990256"]
[EventCountry "GER"]
[EventRounds "7"]
[EventType "team-swiss"]
[EventDate "2018.12.26"]

1. e4 c5 2. Nc3 Nc6 3. f4 g6 4. Nf3 Bg7 5. Bb5 e6 6. Bxc6 bxc6 7. O-O Ne7 8. d3
O-O 9. Qe1 d5 10. e5 Nf5 11. b3 a6 12. Ba3 Re8 13. Bxc5 d4 14. Ne4 Ne3 15. Rf2
Nf5 16. Nd6 Nxd6 17. Bxd6 Bf8 18. Bxf8 Rxf8 19. Qe4 Bb7 20. Qxd4 Qc7 21. Ng5 c5
22. Qe3 h6 23. Ne4 Bxe4 24. Qxe4 Rad8 25. c3 Rd7 26. Rd1 Rfd8 27. Rfd2 Qa5 28.
Qc4 Qb6 29. h3 Kg7 30. Kh2 Kh7 31. d4 cxd4 32. Rxd4 Rc7 33. Qd3 Rdc8 34. c4 Qa5
35. Rd2 Qb6 36. Rd7 Rxd7 37. Qxd7 Rc7 38. Qd6 Qb7 39. Qf8 Rc8 40. Rd8 Rxd8 41.
Qxd8 Qe4 42. Qd2 g5 43. g3 Kg6 44. c5 Qc6 45. b4 a5 46. a3 Qa4 47. Qd3+ Kg7 48.
fxg5 hxg5 49. b5 f5 50. exf6+ Kxf6 51. c6 e5 52. c7 Qd4 53. Qxd4 exd4 54. c8=Q
Ke5 55. b6 d3 56. b7 Ke4 57. b8=Q a4 58. Qd7 d2 59. Qb4+ Ke3 60. Qbxd2+ Ke4 61.
Q7d5# 1-0

[Event "DVM U20 2018"]
[Site "Osnabrück GER"]
[Date "2018.12.29"]
[Round "5"]
[White "Lorenz, Keana"]
[Black "Wierick, Dennis"]
[Result "1/2-1/2"]
[Termination "normal"]
[Board "7.6"]
[WhiteElo "1459"]
[BlackElo "1455"]
[WhiteTeam "MTV 1876 Saalfeld"]
[BlackTeam "FVS ASP Hoyerswerda"]
[PlyCount "66"]
[WhiteFideId "12990248"]
[BlackFideId "16274768"]
[EventCountry "GER"]
[EventRounds "7"]
[EventType "team-swiss"]
[EventDate "2018.12.26"]

{[%evp 0,66,28,34,45,51,51,49,40,22,22,-25,-26,-59,-68,-74,-37,-32,-57,-58,-64,
-87,-70,-120,-102,-169,-172,-188,-188,-188,-188,-188,-138,-138,-109,-124,108,
104,181,180,207,197,267,214,274,251,258,247,250,191,182,107,98,98,214,202,193,
131,106,0,0,0,0,0,0,-435,0,0,0]} 1. e4 c5 2. Nf3 e6 3. d4 cxd4 4. Nxd4 Nf6 5.
e5 Qa5+ 6. c3 Qxe5+ 7. Be2 a6 8. Nd2 d5 9. N2f3 Qc7 10. O-O Bd6 11. Bd2 O-O 12.
Rc1 e5 13. Nb3 e4 14. Nfd4 Bxh2+ 15. Kh1 Bf4 16. c4 Bxd2 17. Qxd2 Nc6 18. cxd5
Nxd5 19. Nxc6 bxc6 20. Qxd5 Qe7 21. Qh5 Rd8 22. Rxc6 Bb7 23. Rc3 Rd6 24. Rh3
Rh6 25. Qc5 Rxh3+ 26. gxh3 Qf6 27. Qc7 Bd5 28. Rd1 Qxf2 29. Rxd5 Qe1+ 30. Kg2
Qxe2+ 31. Kg3 Qf3+ 32. Kh4 Qf6+ 33. Kg3 Qf3+ 1/2-1/2

[Event "DVM U20 2018"]
[Site "Osnabrück GER"]
[Date "2018.12.29"]
[Round "5"]
[White "Thomsen, Phil"]
[Black "Wacker, Felix"]
[Result "1-0"]
[Termination "normal"]
[Board "8.1"]
[WhiteElo "2134"]
[BlackElo "1999"]
[WhiteTeam "SGes Bensheim"]
[BlackTeam "SC 1997 Lambsheim"]
[PlyCount "93"]
[WhiteFideId "12955736"]
[BlackFideId "12953040"]
[EventCountry "GER"]
[EventRounds "7"]
[EventType "team-swiss"]
[EventDate "2018.12.26"]

1. e4 c5 2. Nf3 d6 3. d4 cxd4 4. Nxd4 Nf6 5. Nc3 a6 6. Be3 e5 7. Nb3 Be6 8. f3
Be7 9. Qd2 b5 10. O-O-O Nbd7 11. g4 Nb6 12. g5 Nfd7 13. Nd5 Nxd5 14. exd5 Bf5
15. h4 Rc8 16. Bd3 Bxd3 17. Qxd3 Qc7 18. Rh2 Qc4 19. Qd2 Bd8 20. Kb1 Bb6 21. h5
Bxe3 22. Qxe3 O-O 23. Na5 Qf4 24. Qxf4 exf4 25. Rh4 Rfe8 26. Rxf4 Re5 27. Nc6
Re3 28. a4 bxa4 29. Rxa4 Ra8 30. f4 Nc5 31. Ra5 Nb7 32. Ra4 Nc5 33. Rc4 Rae8
34. Kc1 Nd7 35. Ra4 Ra8 36. b3 g6 37. h6 f6 38. Rb4 Nc5 39. Rc4 Nd7 40. Na5 Nc5
41. Rxc5 dxc5 42. d6 Rd8 43. Nb7 Ree8 44. d7 Rf8 45. gxf6 Kf7 46. Nxd8+ Rxd8
47. Rd6 1-0

[Event "DVM U20 2018"]
[Site "Osnabrück GER"]
[Date "2018.12.29"]
[Round "5"]
[White "Mühlpfordt, Thomas"]
[Black "Keller, Yannik"]
[Result "0-1"]
[Termination "normal"]
[Board "8.2"]
[WhiteElo "1927"]
[BlackElo "1977"]
[WhiteTeam "SC 1997 Lambsheim"]
[BlackTeam "SGes Bensheim"]
[PlyCount "168"]
[WhiteFideId "12986623"]
[BlackFideId "12970204"]
[EventCountry "GER"]
[EventRounds "7"]
[EventType "team-swiss"]
[EventDate "2018.12.26"]

1. e4 e5 2. Nf3 Nc6 3. Bc4 Nf6 4. d3 Bc5 5. c3 O-O 6. a4 a5 7. O-O d5 8. exd5
Nxd5 9. Re1 Bg4 10. h3 Bh5 11. g4 Bg6 12. Nxe5 Nxe5 13. Rxe5 c6 14. Qf3 Bd6 15.
Re1 Nb6 16. Bb3 Bxd3 17. Rd1 Bc4 18. Bxc4 Nxc4 19. Qd3 Bc5 20. Qe2 Qf6 21. Nd2
Rfe8 22. Qf3 Rad8 23. Qxf6 gxf6 24. b3 Ne5 25. Kg2 Nd3 26. Nf3 Re2 27. Rd2
Rxf2+ 28. Rxf2 Nxf2 29. Bh6 Ne4 30. c4 Bf8 31. Bxf8 Kxf8 32. Re1 Nc5 33. Re3
Rd3 34. Rxd3 Nxd3 35. Nd2 Ke7 36. Kf3 Kd6 37. Ke3 Nc5 38. Ne4+ Nxe4 39. Kxe4
Kc5 40. Kd3 Kb4 41. Kc2 Ka3 42. Kc3 c5 43. h4 h6 44. h5 Ka2 45. Kc2 b6 46. Kc3
Kb1 47. Kd3 Kb2 48. Ke4 Kxb3 49. Kf5 Kxa4 50. Kxf6 Kb4 51. g5 a4 52. g6 fxg6
53. hxg6 a3 54. g7 a2 55. g8=Q a1=Q+ 56. Ke7 Qe5+ 57. Kd7 Qd4+ 58. Kc7 Qxc4 59.
Qg6 b5 60. Qb1+ Qb3 61. Qe1+ Ka4 62. Qa1+ Qa3 63. Qd1+ Ka5 64. Qd6 Qc3 65. Kb7
c4 66. Qxh6 Qf3+ 67. Kc7 b4 68. Qd2 c3 69. Qa2+ Kb5 70. Qb3 Qf4+ 71. Kb7 Qc4
72. Qc2 b3 73. Qf5+ Ka4 74. Kb6 Qb4+ 75. Ka6 Qc4+ 76. Kb6 b2 77. Qd7+ Kb3 78.
Ka5 Qc5+ 79. Ka6 c2 80. Qb7+ Ka2 81. Qf7+ Ka1 82. Qd7 c1=Q 83. Qa4+ Kb1 84.
Qe4+ Q5c2 0-1

[Event "DVM U20 2018"]
[Site "Osnabrück GER"]
[Date "2018.12.29"]
[Round "5"]
[White "Kaiser, Frederic"]
[Black "Wacker, Andreas"]
[Result "1-0"]
[Termination "normal"]
[Board "8.3"]
[WhiteElo "1880"]
[BlackElo "1863"]
[WhiteTeam "SGes Bensheim"]
[BlackTeam "SC 1997 Lambsheim"]
[PlyCount "172"]
[WhiteFideId "16240618"]
[BlackFideId "12953083"]
[EventCountry "GER"]
[EventRounds "7"]
[EventType "team-swiss"]
[EventDate "2018.12.26"]

1. Nf3 d5 2. g3 Nf6 3. Bg2 g6 4. d4 Bg7 5. O-O O-O 6. Nbd2 Nbd7 7. b3 c5 8. e3
b6 9. Bb2 Bb7 10. c4 e6 11. Rc1 Rc8 12. Qe2 Qe7 13. Rfd1 Rfd8 14. Rc2 h6 15.
cxd5 exd5 16. Ba3 Qe6 17. Rdc1 Bf8 18. Bb2 Bg7 19. Qb5 a6 20. Qe2 Bf8 21. Ne1
Rc7 22. Nd3 Rdc8 23. h4 a5 24. Nf4 Qe8 25. Qd3 Bd6 26. Bh3 Ra8 27. Nf3 Ba6 28.
Qd2 Ne4 29. Qd1 Ndf6 30. dxc5 Bxf4 31. exf4 bxc5 32. h5 Nxh5 33. Be5 Rc6 34.
Qxd5 Nhf6 35. Bxf6 Nxf6 36. Qd2 Bc8 37. Bg2 Rc7 38. Ne5 Bb7 39. Qd6 Qd8 40.
Qxd8+ Rxd8 41. Bxb7 Rxb7 42. Nc6 Ra8 43. Rxc5 a4 44. Na5 Rbb8 45. Nc6 Rb7 46.
b4 Ne8 47. a3 Kg7 48. Ne5 Nd6 49. Re1 Nb5 50. Nc4 Rd8 51. Ree5 Nd4 52. Kg2 Nb3
53. Rcd5 Rbd7 54. Rxd7 Rxd7 55. Nb6 Ra7 56. Re3 Nd4 57. Rc3 Nb5 58. Rd3 Ra6 59.
Nc4 Rc6 60. Nb2 Ra6 61. Kf3 Kf6 62. Ke3 Ke6 63. Ke4 f5+ 64. Ke3 Kf6 65. Kd2 Ke6
66. Nc4 Rc6 67. Re3+ Kf6 68. Kd3 Rc8 69. Nb6 Rc3+ 70. Kd2 Rxa3 71. Rxa3 Nxa3
72. Nxa4 Ke6 73. Nc5+ Kd5 74. Kd3 Nb5 75. Nd7 Nd6 76. f3 Nb5 77. Nf8 g5 78.
fxg5 hxg5 79. Ng6 Nd6 80. Ne7+ Ke6 81. Nc6 Kd5 82. Nd4 f4 83. gxf4 gxf4 84. Ne2
Ke5 85. Kc3 Nb5+ 86. Kc4 Nd4 1-0

[Event "DVM U20 2018"]
[Site "Osnabrück GER"]
[Date "2018.12.29"]
[Round "5"]
[White "Dalchow, Jonas"]
[Black "Hennemann, Florian"]
[Result "1/2-1/2"]
[Termination "normal"]
[Board "8.4"]
[WhiteElo "1747"]
[BlackElo "1869"]
[WhiteTeam "SC 1997 Lambsheim"]
[BlackTeam "SGes Bensheim"]
[PlyCount "98"]
[WhiteFideId "12971251"]
[BlackFideId "16272692"]
[EventCountry "GER"]
[EventRounds "7"]
[EventType "team-swiss"]
[EventDate "2018.12.26"]

1. e4 c5 2. Nf3 d6 3. d4 cxd4 4. Nxd4 Nf6 5. Nc3 a6 6. Be3 e5 7. Nb3 Be6 8. Be2
Be7 9. O-O b5 10. f3 Nbd7 11. Kh1 Nb6 12. Nd2 O-O 13. f4 Qc7 14. f5 Bc8 15. Bf3
Bb7 16. Re1 b4 17. Ne2 Na4 18. c4 Nc5 19. Qc2 Bc6 20. b3 Qb7 21. Ng3 a5 22. Bf2
a4 23. Bxc5 dxc5 24. Red1 Ra6 25. Rab1 Rfa8 26. Rb2 Nd7 27. Ngf1 Bg5 28. g3 Qa7
29. Kg2 axb3 30. axb3 Ra2 31. Rdb1 Rxb2 32. Qxb2 Qa2 33. Kf2 Kf8 34. h4 Bh6 35.
g4 Bf4 36. Ne3 Bb7 37. Ke2 Nb8 38. Ng2 Bxd2 39. Kxd2 Nc6 40. Ke3 Nd4 41. Bd1
Qxb2 42. Rxb2 Ra1 43. Rd2 Rb1 44. Rd3 Rb2 45. Ne1 Rh2 46. Nf3 Rh3 47. Rd2 Ke7
48. Rh2 Rxh2 49. Nxh2 f6 1/2-1/2

[Event "DVM U20 2018"]
[Site "Osnabrück GER"]
[Date "2018.12.29"]
[Round "5"]
[White "Pitz, Sebastian"]
[Black "Saive, Philipp"]
[Result "0-1"]
[Termination "normal"]
[Board "8.5"]
[WhiteElo "1500"]
[BlackElo "1715"]
[WhiteTeam "SGes Bensheim"]
[BlackTeam "SC 1997 Lambsheim"]
[PlyCount "62"]
[WhiteFideId "16274806"]
[BlackFideId "16274792"]
[EventCountry "GER"]
[EventRounds "7"]
[EventType "team-swiss"]
[EventDate "2018.12.26"]

1. d4 d5 2. c4 e5 3. cxd5 Qxd5 4. Nf3 exd4 5. Qxd4 Qxd4 6. Nxd4 Bc5 7. Nb3 Bd6
8. g3 Nf6 9. Bg2 c6 10. O-O Bg4 11. Re1 O-O 12. e4 Nbd7 13. Bg5 Rfe8 14. Nc3 h6
15. f3 Bxf3 16. Bxh6 Bxg2 17. Kxg2 gxh6 18. Rad1 Bb4 19. Re3 Bxc3 20. bxc3 Nb6
21. Nc5 Nbd5 22. Rf3 Nxe4 23. Nxb7 Ng5 24. Rfd3 Ne3+ 25. Rxe3 Rxe3 26. c4 Rb8
27. Nc5 Rb2+ 28. Kf1 Ree2 29. Nd7 Rf2+ 30. Kg1 Nh3+ 31. Kh1 Rxh2# 0-1

[Event "DVM U20 2018"]
[Site "Osnabrück GER"]
[Date "2018.12.29"]
[Round "5"]
[White "Dalchow, Mario"]
[Black "Simrock, Manuel"]
[Result "1-0"]
[Termination "normal"]
[Board "8.6"]
[WhiteElo "1621"]
[BlackElo "1146"]
[WhiteTeam "SC 1997 Lambsheim"]
[BlackTeam "SGes Bensheim"]
[PlyCount "85"]
[WhiteFideId "12971421"]
[BlackFideId "16274814"]
[EventCountry "GER"]
[EventRounds "7"]
[EventType "team-swiss"]
[EventDate "2018.12.26"]

1. e4 e5 2. Nf3 Nc6 3. Bc4 Bc5 4. c3 d6 5. d4 exd4 6. cxd4 Bb4+ 7. Bd2 Bxd2+ 8.
Nbxd2 Nf6 9. Bb5 Bd7 10. O-O O-O 11. Rc1 d5 12. e5 Nxe5 13. dxe5 Bxb5 14. exf6
Bxf1 15. fxg7 Re8 16. Kxf1 Rc8 17. Nb3 c6 18. Nc5 Qa5 19. Qb3 Qb5+ 20. Qxb5
cxb5 21. Nd3 Kxg7 22. Rxc8 Rxc8 23. Nd4 b4 24. Nxb4 Rc4 25. Nbc2 Kf6 26. Ke2
Ke5 27. Kd3 a5 28. b3 Rc8 29. g3 h5 30. f4+ Kf6 31. Ne3 Rc1 32. Nxd5+ Kg6 33.
Ne2 Rd1+ 34. Kc4 b5+ 35. Kc5 b4 36. Ne7+ Kf6 37. Nc6 Rd2 38. Ncd4 Rxa2 39. h4
Rd2 40. Kd5 a4 41. bxa4 b3 42. Nc3 b2 43. Ne4+ 1-0

[Event "DVM U20 2018"]
[Site "Osnabrück GER"]
[Date "2018.12.29"]
[Round "6"]
[White "Kololli, Martin"]
[Black "Bunyatov, Rustam"]
[Result "1/2-1/2"]
[Termination "normal"]
[Board "1.1"]
[WhiteTitle "FM"]
[BlackTitle "FM"]
[WhiteElo "2343"]
[BlackElo "2177"]
[WhiteClock "00:22:15"]
[BlackClock "00:23:55"]
[WhiteTeam "Lübecker SV"]
[BlackTeam "SG Porz"]
[PlyCount "49"]
[WhiteFideId "12936910"]
[BlackFideId "13410210"]
[EventCountry "GER"]
[EventRounds "7"]
[EventType "team-swiss"]
[EventDate "2018.12.26"]

1. e4 {[%clk 1:30:57]} c5 {[%clk 1:30:57]} 2. c3 {[%clk 1:31:22]} d6 {[%clk
1:31:24]} 3. d4 {[%clk 1:31:37]} Nf6 {[%clk 1:31:41]} 4. Bd3 {[%clk 1:31:17]}
cxd4 {[%clk 1:31:49]} 5. cxd4 {[%clk 1:31:37]} Nc6 {[%clk 1:31:39]} 6. Nf3
{[%clk 1:31:01]} g6 {[%clk 1:31:47]} 7. Nc3 {[%clk 1:27:46]} Bg7 {[%clk
1:32:01]} 8. h3 {[%clk 1:27:05]} O-O {[%clk 1:32:24]} 9. O-O {[%clk 1:24:36]}
e5 {[%clk 1:32:45]} 10. dxe5 {[%clk 1:21:26]} dxe5 {[%clk 1:33:10]} 11. Be3
{[%clk 1:20:36]} Be6 {[%clk 1:33:32]} 12. Ng5 Nd4 {[%clk 1:31:44]} 13. Nxe6
{[%clk 1:15:15]} Nxe6 {[%clk 1:31:55]} 14. Bc4 Qe7 {[%clk 1:22:03]} 15. Bxe6
{[%clk 1:08:51]} Qxe6 {[%clk 1:19:11]} 16. Qb3 {[%clk 1:07:28]} Qxb3 {[%clk
1:15:21]} 17. axb3 {[%clk 1:07:53]} a6 {[%clk 1:15:37]} 18. Ra5 Rfe8 {[%clk
0:51:24]} 19. Rd1 {[%clk 1:06:11]} Re6 20. Nd5 {[%clk 0:57:10]} Rc8 {[%clk
0:38:27]} 21. Rc5 {[%clk 0:46:10]} Rxc5 {[%clk 0:33:32]} 22. Bxc5 {[%clk
0:45:50]} h5 {[%clk 0:33:35]} 23. f3 {[%clk 0:43:54]} Bh6 24. Kf2 {[%clk
0:26:44]} Kh7 {[%clk 0:23:55]} 25. Nxf6+ {[%clk 0:22:15]} 1/2-1/2

[Event "DVM U20 2018"]
[Site "Osnabrück GER"]
[Date "2018.12.29"]
[Round "6"]
[White "Fieberg, Samuel"]
[Black "Poghosyan, Tigran"]
[Result "1-0"]
[Termination "normal"]
[Board "1.2"]
[WhiteTitle "FM"]
[WhiteElo "2170"]
[BlackElo "2187"]
[WhiteClock "00:01:16"]
[BlackClock "00:34:05"]
[WhiteTeam "SG Porz"]
[BlackTeam "Lübecker SV"]
[PlyCount "59"]
[WhiteFideId "12901717"]
[BlackFideId "12909319"]
[EventCountry "GER"]
[EventRounds "7"]
[EventType "team-swiss"]
[EventDate "2018.12.26"]

1. e4 {[%clk 1:30:57]} c5 {[%clk 1:30:54]} 2. Nf3 {[%clk 1:31:22]} a6 3. c4 d6
{[%clk 1:22:08]} 4. d4 {[%clk 1:16:31]} cxd4 {[%clk 1:22:11]} 5. Nxd4 {[%clk
1:16:54]} Nf6 {[%clk 1:22:40]} 6. Nc3 {[%clk 1:17:16]} e6 7. Be2 {[%clk
1:12:32]} Be7 {[%clk 1:21:51]} 8. Be3 {[%clk 1:12:41]} O-O 9. O-O Nbd7 {[%clk
1:15:10]} 10. f4 {[%clk 1:06:11]} Qc7 {[%clk 1:13:49]} 11. Rc1 {[%clk 1:04:53]}
b6 {[%clk 1:13:51]} 12. Bf3 {[%clk 1:03:41]} Bb7 {[%clk 1:13:31]} 13. f5 {[%clk
0:54:59]} e5 {[%clk 1:12:20]} 14. Nde2 Nc5 15. Qc2 {[%clk 0:46:17]} Rac8 {[%clk
1:09:50]} 16. b4 Ncd7 {[%clk 1:06:17]} 17. Qb3 {[%clk 0:40:38]} Qb8 {[%clk
1:00:34]} 18. Ng3 Qa8 19. Rfd1 {[%clk 0:26:57]} b5 {[%clk 0:48:25]} 20. cxb5
{[%clk 0:26:07]} axb5 {[%clk 0:46:41]} 21. Nxb5 Nxe4 {[%clk 0:47:02]} 22. Nc7
{[%clk 0:08:19]} Qb8 23. Bxe4 {[%clk 0:06:28]} Rxc7 {[%clk 0:47:25]} 24. Rxc7
{[%clk 0:06:34]} Qxc7 {[%clk 0:47:53]} 25. Rc1 {[%clk 0:06:15]} Qb8 {[%clk
0:45:06]} 26. Qa4 Rd8 27. Bxb7 {[%clk 0:03:01]} Qxb7 {[%clk 0:45:30]} 28. Qa5
{[%clk 0:01:01]} d5 29. Bd2 Bd6 {[%clk 0:34:05]} 30. Qxd8+ {[%clk 0:01:16]} 1-0

[Event "DVM U20 2018"]
[Site "Osnabrück GER"]
[Date "2018.12.29"]
[Round "6"]
[White "Bosselmann, Tom Linus"]
[Black "Ramien, David"]
[Result "1/2-1/2"]
[Termination "normal"]
[Board "1.3"]
[WhiteElo "2057"]
[BlackElo "2136"]
[WhiteClock "00:11:24"]
[BlackClock "00:25:14"]
[WhiteTeam "Lübecker SV"]
[BlackTeam "SG Porz"]
[PlyCount "105"]
[WhiteFideId "12983845"]
[BlackFideId "12948241"]
[EventCountry "GER"]
[EventRounds "7"]
[EventType "team-swiss"]
[EventDate "2018.12.26"]

1. e4 {[%clk 1:30:58]} c5 {[%clk 1:30:52]} 2. Nf3 {[%clk 1:31:20]} d6 {[%clk
1:31:17]} 3. d4 {[%clk 1:31:44]} cxd4 {[%clk 1:31:42]} 4. Nxd4 {[%clk 1:32:07]}
Nf6 {[%clk 1:32:08]} 5. Nc3 {[%clk 1:32:29]} Nc6 {[%clk 1:32:33]} 6. Bc4 {[%clk
1:32:15]} Qb6 {[%clk 1:32:54]} 7. Nb3 {[%clk 1:31:21]} e6 {[%clk 1:33:18]} 8.
Be3 {[%clk 1:30:18]} Qc7 {[%clk 1:33:42]} 9. O-O {[%clk 1:30:32]} Be7 {[%clk
1:34:03]} 10. f4 {[%clk 1:30:19]} a6 {[%clk 1:30:06]} 11. Qf3 {[%clk 1:27:10]}
b5 {[%clk 1:25:54]} 12. Bd3 {[%clk 1:27:34]} Bb7 {[%clk 1:25:47]} 13. Rac1
{[%clk 1:25:43]} Na5 {[%clk 1:18:22]} 14. Nxa5 {[%clk 1:20:18]} Qxa5 {[%clk
1:18:49]} 15. Bd4 {[%clk 1:19:16]} b4 {[%clk 1:16:03]} 16. Ne2 {[%clk 1:19:32]}
e5 {[%clk 1:15:39]} 17. fxe5 {[%clk 1:16:39]} dxe5 {[%clk 1:15:36]} 18. Be3
{[%clk 1:16:40]} Bc5 {[%clk 1:09:20]} 19. Ng3 {[%clk 1:14:06]} O-O {[%clk
1:08:01]} 20. Nf5 {[%clk 1:12:16]} Ne8 {[%clk 1:02:30]} 21. Bxc5 {[%clk
1:10:17]} Qxc5+ {[%clk 1:02:25]} 22. Kh1 {[%clk 1:10:11]} Bc8 {[%clk 0:57:02]}
23. Qg3 {[%clk 1:07:49]} Be6 {[%clk 0:46:18]} 24. Rf3 {[%clk 1:03:31]} f6
{[%clk 0:42:39]} 25. Rcf1 Ra7 {[%clk 0:38:56]} 26. Nh6+ {[%clk 0:56:37]} Kh8
{[%clk 0:39:13]} 27. Ng4 {[%clk 0:57:00]} Bxg4 {[%clk 0:36:41]} 28. Qxg4 {[%clk
0:57:25]} Nd6 {[%clk 0:35:23]} 29. Rg3 {[%clk 0:54:05]} Nc4 30. Rb1 {[%clk
0:46:24]} Qd4 {[%clk 0:28:05]} 31. b3 Na3 32. Rf1 {[%clk 0:33:30]} Qd7 {[%clk
0:17:12]} 33. Qh5 {[%clk 0:31:07]} Rc8 {[%clk 0:13:25]} 34. Rh3 {[%clk
0:26:14]} h6 35. Rxf6 {[%clk 0:17:35]} gxf6 {[%clk 0:09:13]} 36. Qxh6+ {[%clk
0:17:54]} Kg8 {[%clk 0:08:55]} 37. Qh8+ {[%clk 0:17:51]} Kf7 {[%clk 0:09:06]}
38. Rh7+ {[%clk 0:18:13]} Ke6 {[%clk 0:04:09]} 39. Rxd7 {[%clk 0:18:31]} Rxh8
{[%clk 0:04:08]} 40. Rxa7 {[%clk 0:18:58]} Rc8 {[%clk 0:02:32]} 41. Rxa6+
{[%clk 0:19:21]} Kf7 {[%clk 0:02:57]} 42. h4 {[%clk 0:13:09]} Nxc2 {[%clk
0:02:58]} 43. Bxc2 {[%clk 0:13:31]} Rxc2 {[%clk 0:03:25]} 44. Ra4 {[%clk
0:13:49]} Kg6 {[%clk 0:03:35]} 45. Kh2 {[%clk 0:14:04]} Re2 {[%clk 0:29:25]}
46. Rxb4 {[%clk 0:45:12]} Rxa2 {[%clk 0:29:52]} 47. Kh3 {[%clk 0:45:10]} Re2
{[%clk 0:29:35]} 48. Rc4 {[%clk 0:17:28]} Re3+ {[%clk 0:29:56]} 49. Kg4 Rxb3
50. Rc6 {[%clk 0:17:48]} Rb2 {[%clk 0:27:26]} 51. g3 {[%clk 0:14:18]} Rf2
{[%clk 0:27:45]} 52. Rc3 {[%clk 0:11:03]} Re2 {[%clk 0:25:14]} 53. Rc4 {[%clk
0:11:24]} 1/2-1/2